| 000 | 00356nam a22001457a 4500 | ||
|---|---|---|---|
| 003 | SGT | ||
| 020 | _a978-3-13-124354-6 | ||
| 082 |
_a616.0757 _bC10H |
||
| 100 | _aHOFER, MATTHIAS | ||
| 245 | _aCT TEACHING MANUAL: A SYSTEMATIC APPROACH TO CT READING | ||
| 260 |
_aNEW YORK _bTHIEME _c2010 |
||
| 300 | _a232 | ||
| 650 | _aRADIOLOGY | ||
| 942 |
_2ddc _cBK _02 |
||
| 999 |
_c15841 _d15841 |
||